La música: los hombres, los instrumentos, las obras

Tallennettuna:
Bibliografiset tiedot
Päätekijä: Dufourcq, Norbert (Tekijä)
Aineistotyyppi: Kirja
Kieli:espanja
Julkaistu: Barcelona Planeta 1971
Painos:2a. ed
Aiheet:
Tagit: Lisää tagi
Ei tageja, Lisää ensimmäinen tagi!

MARC

LEADER 00000nam a2200000 a 4500
001 UCN0891
003 CL-VaPUC
005 20241024151656.0
008 010406e19710000SP |||||||||||||||||spa|d
999 |c 294503  |d 294501 
040 |c Pontificia Universidad Católica de Valparaíso 
082 0 4 |a 780  |b DUF  |2 21 
100 0 |a Dufourcq, Norbert  |e author  |9 456252 
245 1 3 |a La música: los hombres, los instrumentos, las obras 
250 |a 2a. ed 
260 |a Barcelona  |b Planeta  |c 1971 
300 |a v 
583 |a last modification  |c 20010406 00:00:00  |k Rodrigo Vera 
650 0 |a Musicología  |9 306520 
650 0 |a Historia de la música  |2 CL-VaPUC  |9 306741 
650 0 |a Etnomusicología  |9 306273 
650 0 |a Música antigua  |9 391245 
650 0 |a Música medieval  |9 391244 
650 0 |a Música renacentista  |9 391249 
650 0 |a Música clásica  |9 349684 
650 0 |a Música contemporánea  |9 306742 
650 0 |a Jazz  |9 350487 
942 |c BK  |2 ddc 
945 |d 20010406 00:00:00  |a crobeson 
952 |0 0  |1 0  |4 0  |6 780_000000000000000_DUF_1971  |7 0  |8 F  |9 346981  |a BIBEDU  |b BIBEDU  |d 2019-11-20  |h v.1  |i 1247085  |o 780 DUF 1971  |p 1247085  |r 2023-01-12  |w 2019-11-20  |y BK_F  |k MUS